ბათუმის შოთა რუსთაველის სახელმწიფო უნივერსიტეტის ბიბლიოთეკა

განათლების ფილოსოფიის შესავალი : (ბიბ.ჩანაწერი № 57745)

000 -ლიდერი
ფიქსირებული სიგრძის საკონტროლო ველი 01413nam a22002297a 4500
003 - საკონტროლო ნომრის იდენტიფიკატორი
საკონტროლო ველი Ge_BSU
005 - ბოლო ოპერაციის თარიღი და დრო
საკონტროლო ველი 20201022133909.0
008 - ფიქსირებული სიგრძის მონაცემთა ელემენტები - ზოგადი ინფორმაცია
ფიქსირებული სიგრძის საკონტროლო ველი 201022s2009 xxu||||| |||| 00| 0 geo d
020 ## - წიგნის საერთაშორისო სტანდარტული ნომერი
International Standard Book Number 9789941412134
041 ## - ენის კოდი
Language code of text/sound track or separate title geo
080 ## - უნივერსალური ათობითი კლასიფიკაციის ინდექსი
Universal Decimal Classification number 37.01(075.8) +1 შ-51
100 ## - მთავარი ჩანაწერი - პიროვნების სახელი
Personal name შერვაშიძე, გულიკო.
9 (RLIN) 369
245 ## - ცნობა სათაურის შესახებ
Title განათლების ფილოსოფიის შესავალი :
Remainder of title [სახელმძღვ. უმაღლ. სასწ. სტუდ.] /
Statement of responsibility, etc გულიკო შერვაშიძე ; [რედ.: იური ბიბილეიშვილი, მერმან გორგოშაძე].
264 ## - წარმოების, გამოცემის, დისტრიბუციის და სხვა ცნობები
გამოცემის, წარმოების, დისტრიბუციის... ადგილი ბათუმი :
გამოცემის, წარმოების, დისტრიბუციის... სახელწოდება შოთა რუსთაველის სახელმწ. უნ-ტის გამ-ბა და სტ.,
გამოცემის, წარმოების, დისტრიბუციის... თარიღი 2009.
300 ## - ფიზიკური აღწერა
Extent 150გვ. ;
Dimensions 20სმ.
504 ## - BIBLIOGRAPHY, ETC. NOTE
Bibliography, etc ბიბლიოგრ.: გვ. 146-148.
653 ## - INDEX TERM--UNCONTROLLED
Uncontrolled term განათლების ფილოსოფია - სახელმძღვანელოები უმაღლესი სასწავლებლებისათვის.
653 ## - INDEX TERM--UNCONTROLLED
Uncontrolled term პედაგოგიკა
700 ## - ADDED ENTRY--PERSONAL NAME
Personal name ბიბილეიშვილი, იური
Relator term რედაქტორი
9 (RLIN) 800
700 ## - ADDED ENTRY--PERSONAL NAME
Personal name გორგოშაძე, მერმან
Relator term რედაქტორი
9 (RLIN) 9655
942 ## - ADDED ENTRY ELEMENTS (KOHA)
Source of classification or shelving scheme
Koha item type წიგნი
ეგზემპლარები
ჩამოწერის სტატუსი დაკარგული ეგზემპლარის სტატუსი კლასიფიკაციის წყარო ან თაროზე გაწყობის სქემა დაზიანების სტატუსი არ გაიცემა მუდმივი მდებარეობა (დაცვის ადგილი) ამჟამინდელი ადგილსამყოფელი თაროზე განთავსების ადგილი შეძენის თარიღი სრული შენახვის შიფრი შტრიხკოდი ბოლო ოპერაციის თარიღი ეგზემპლარის მიმდევრობითი ნომერი (კეტერი?) ფასის ძალაში შესვლის თარიღი ეგზემპლარის სახეობა საჯარო შენიშვნა
          ბათუმის შოთა რუსთაველის სახელმწიფო უნივერსიტეტის მთავარი ბიბლიოთეკა ბათუმის შოთა რუსთაველის სახელმწიფო უნივერსიტეტის მთავარი ბიბლიოთეკა წიგნსაცავი 2020-10-22 37.01(075.8) +1 შ-51 28627 2020-10-22 28627 2020-10-22 წიგნი 7.00